• 首页
  • 本馆介绍
  • 公告通知
  • 最新文献
  • 馆藏检索
  • 电子资源
  • 读者导购
  • 参考咨询
  • 我的图书馆
  • 登录
  • 详细信息显示
  • 放入我的书架
  • 预约/预借图书
  • 作者相关作品
  • 分类相关作品
  • 丛书相关作品
  • 出版社相关作品

书目信息

  • 表格格式
  • 工作单格式
  • 卡片格式
题名:
一二九漫语
    
 
作者: 杨述 著
分册:  
出版信息: 北京   三联书店  1981
页数: 91页
开本: 19cm
丛书名:
单 册:
中图分类: K264.5 , K261
科图分类:
主题词: 一二·九运动(1935)
电子资源:
ISBN:
000 00549nam0 2200217 450
001 1558518143
005 20150122161603.61
091    @a11002.578@dCNY0.29
100    @a20061005d1981 em y0chiy0120 ea
101 0  @achi
102    @aCN@b110000
105    @ay z 000yy
200 1  @a一二九漫语@9yi er jiu man yu@f杨述著
210    @a北京@c三联书店@d1981
215    @a91页@d19cm
606 0  @a一二·九运动(1935)
690    @aK264.5@v5
690    @aK261@v4
701  0 @a杨述@9yang shu@4著
801  0 @aCN@bTSSF@c20150122
905    @aZUCC@dK261@eJY28
    
    一二九漫语/杨述著.-北京:三联书店,1981
    91页;19cm
    
    
    ISBN :
    
●
相关链接 在E读中查询图书 在五车中查询图书 在当当中查询图书 在豆瓣中查询图书


正题名:一二九漫语     索取号:K261/JY28         预约/预借

序号 登录号 条形码 馆藏地/架位号 状态 备注
1 7855656   278556563   学院路分馆/ [索取号:K261/JY28] 在馆    
唐山师范学院图书馆 欢迎您!
大连网信软件有限公司© 版权所有